[Event "C.to Italiano Semifinale"]
[Site "Arvier ITA"]
[Date "2002.06.26"]
[Round "5"]
[White "Agomeri, Gianluca"]
[Black "Contin, Daniel"]
[Result "1-0"]
[WhiteElo "2134"]
[BlackElo "2338"]
[PlyCount "183"]
[EventDate "2002.06.22"]

1. d4 Nf6 2. c4 e6 3. Nc3 Bb4 4. e3 c5 5. Nge2 b6 6. a3 Ba5 7. Rb1 Na6 8. g3
O-O 9. Bg2 d5 10. O-O Bb7 11. Na2 Qe7 12. b4 cxb4 13. axb4 Bxb4 14. Nxb4 Nxb4
15. Ba3 a5 16. Bxb4 axb4 17. Qd2 Ra4 18. Rfc1 Rc8 19. cxd5 Rxc1+ 20. Rxc1 exd5
21. Nf4 g5 22. Nd3 Ne4 23. Qc2 Nc3 24. Bf1 Ra2 25. Qb3 Qf6 26. Rxc3 bxc3 27.
Qxa2 Qd6 28. Qb3 Qc7 29. Nb4 Kg7 30. Bd3 h5 31. Na2 h4 32. Qxc3 Qd7 33. Bf1 Qa4
34. Nc1 Qd1 35. Nb3 h3 36. e4 dxe4 37. Qe3 Kg6 38. Nd2 f5 39. Qe2 Qa1 40. Qe3
Bd5 41. g4 Qd1 42. gxf5+ Kxf5 43. Qxh3+ Kg6 44. Qe3 Qg4+ 45. Qg3 Qe6 46. Bh3
Qf6 47. Qe5 Qxe5 48. dxe5 b5 49. Kf1 b4 50. Ke1 Bc6 51. Kd1 Bd5 52. Kc2 Kh5 53.
Bf5 Kh4 54. Bxe4 Be6 55. Bg2 Kg4 56. Nb3 Kf4 57. Nc5 Bf5+ 58. Nd3+ Kg4 59. Bd5
Kh3 60. e6 Kxh2 61. e7 Bg6 62. Bc6 g4 63. e8=Q Bxe8 64. Bxe8 g3 65. fxg3 Kxg3
66. Nxb4 Kf4 67. Kd3 Ke5 68. Bc6 Kf4 69. Kd4 Kf5 70. Nd3 Ke6 71. Be4 Kf6 72.
Kd5 Ke7 73. Ke5 Kd7 74. Nc5+ Ke7 75. Bd5 Kf8 76. Kf6 Ke8 77. Bf7+ Kd8 78. Ke6
Kc7 79. Nb3 Kb6 80. Be8 Kc7 81. Ke7 Kc8 82. Kd6 Kb7 83. Bd7 Kb6 84. Ba4 Kb7 85.
Kd7 Kb6 86. Kc8 Ka7 87. Kc7 Ka6 88. Bd7 Ka7 89. Bc8 Ka8 90. Nd4 Ka7 91. Nc6+
Ka8 92. Bb7# 1-0

[Event "C.to Italiano Semifinale"]
[Site "Arvier ITA"]
[Date "2002.06.26"]
[Round "5"]
[White "Barlocco, Carlo"]
[Black "Yeuillaz, Corrado"]
[Result "1/2-1/2"]
[WhiteElo "2129"]
[BlackElo "2231"]
[PlyCount "182"]
[EventDate "2002.06.22"]

1. d4 Nf6 2. c4 g6 3. Nc3 Bg7 4. e4 d6 5. Nf3 O-O 6. Be2 e5 7. O-O Nc6 8. d5
Ne7 9. Ne1 Nd7 10. Be3 f5 11. f3 f4 12. Bf2 g5 13. a4 Ng6 14. a5 Rf7 15. b4 Bf8
16. Nb5 a6 17. Na7 Nf6 18. Nxc8 Qxc8 19. Nd3 h5 20. c5 g4 21. Rc1 Rg7 22. cxd6
Bxd6 23. Nc5 g3 24. hxg3 fxg3 25. Bxg3 h4 26. Bh2 Nh5 27. Ne6 Bxb4 28. Nxg7
Kxg7 29. Bxe5+ Nxe5 30. Qd4 Bd6 31. f4 Ng3 32. Rf2 Kg6 33. fxe5 Qh8 34. Bg4
Qxe5 35. Qxe5 Bxe5 36. Rc4 Rb8 37. Rfc2 Kg5 38. Bf5 b6 39. Rb4 Rd8 40. Rc6 Nxf5
41. exf5 Rxd5 42. f6 Rxa5 43. f7 Ra1+ 44. Kf2 Bg3+ 45. Ke2 Re1+ 46. Kd3 Rf1 47.
Ra4 a5 48. Ra2 Rxf7 49. Kc4 Rf5 50. Kd4 Rb5 51. Re6 Kf5 52. Re8 Be5+ 53. Kc4
Rc5+ 54. Kd3 Rc3+ 55. Ke2 Rg3 56. Kf2 Bd4+ 57. Kf1 Re3 58. Rf2+ Kg6 59. Rg8+
Kh7 60. Rg4 Be5 61. Rxh4+ Kg6 62. Rg4+ Kh5 63. Rg8 Bd6 64. Rf3 Rxf3+ 65. gxf3
a4 66. Ke2 a3 67. Kd3 Be5 68. Rg2 b5 69. f4 Bxf4 70. Kc3 c5 71. Kb3 b4 72. Rg8
Be5 73. Rg2 Bb2 74. Rc2 Bd4 75. Rg2 Kh4 76. Rg8 Kh3 77. Rg6 Bf2 78. Rg5 Bd4 79.
Rg8 Kh2 80. Rg6 Kh3 81. Rg8 Kh4 82. Rg6 Kh5 83. Rg8 Kh6 84. Rg2 Bc3 85. Rg8 Kh7
86. Rg4 Bb2 87. Rg5 Bd4 88. Rg2 Kh8 89. Rg6 a2 90. Kxa2 Kh7 91. Rg4 Kh6 1/2-1/2

[Event "C.to Italiano Semifinale"]
[Site "Arvier ITA"]
[Date "2002.06.26"]
[Round "5"]
[White "Cazzaniga, Walter"]
[Black "Parrella, Alfredo"]
[Result "0-1"]
[WhiteElo "2119"]
[BlackElo "2233"]
[PlyCount "112"]
[EventDate "2002.06.22"]

1. d4 Nf6 2. c4 c6 3. Nc3 d5 4. Nf3 a6 5. a4 e6 6. Bg5 Qa5 7. Bd2 Bb4 8. e3 O-O
9. c5 Nbd7 10. Bd3 Qc7 11. Ne2 Bxd2+ 12. Qxd2 e5 13. Nxe5 Nxe5 14. dxe5 Qxe5
15. Nd4 Re8 16. h3 a5 17. O-O Nd7 18. Qc2 g6 19. Rab1 Nf8 20. b4 axb4 21. Rxb4
Qe7 22. Rfb1 Ra7 23. Rb6 Nd7 24. Rxc6 bxc6 25. Nxc6 Qxc5 26. Qxc5 Nxc5 27. Nxa7
Nxd3 28. a5 Ba6 29. Nc6 Bc4 30. Rb7 Nc5 31. Ra7 Kf8 32. g4 h6 33. Kg2 Na6 34.
f4 Rxe3 35. Ne5 Nc5 36. Rxf7+ Kg8 37. Rc7 Ne6 38. Rc8+ Kg7 39. Nxc4 dxc4 40.
Rxc4 Ra3 41. f5 gxf5 42. gxf5 Ng5 43. h4 Nf7 44. Rc5 Kf6 45. Rb5 h5 46. Rd5 Ne5
47. Rc5 Kxf5 48. Rb5 Ra4 49. Kg3 Ke4 50. Rc5 Ra3+ 51. Kh2 Kf4 52. Kg2 Ra2+ 53.
Kh3 Ng4 54. Rc4+ Kf3 55. Rc3+ Ne3 56. Rc8 Nd5 0-1

[Event "C.to Italiano Semifinale"]
[Site "Arvier ITA"]
[Date "2002.06.26"]
[Round "5"]
[White "Gentile, Claudio"]
[Black "Astengo, Corrado"]
[Result "0-1"]
[WhiteElo "2117"]
[BlackElo "2180"]
[PlyCount "78"]
[EventDate "2002.06.22"]

1. e4 c5 2. Nf3 d6 3. d4 cxd4 4. Nxd4 Nf6 5. Nc3 a6 6. Bg5 e6 7. f4 Qc7 8. Qf3
b5 9. Bxf6 gxf6 10. e5 Bb7 11. Qh5 b4 12. Nxe6 Qc8 13. Nxf8 bxc3 14. Nxh7 fxe5
15. b3 Nd7 16. Bc4 d5 17. Bxd5 Bxd5 18. Nf6+ Nxf6 19. Qxh8+ Ke7 20. Qxc8 Rxc8
21. fxe5 Ng4 22. Rg1 Ne3 23. Rc1 Be4 24. Ke2 Nxc2 25. h4 Bh7 26. h5 Nb4 27. h6
c2 28. Ra1 Nd3 29. Kd2 Ke6 30. Rh1 Kxe5 31. Rhf1 Rc7 32. g4 c1=Q+ 33. Raxc1
Nxc1 34. Rxc1 Rxc1 35. Kxc1 Kf4 36. b4 Kxg4 37. a4 Kg5 38. Kd2 Kxh6 39. Ke3 Bc2
0-1

[Event "C.to Italiano Semifinale"]
[Site "Arvier ITA"]
[Date "2002.06.26"]
[Round "5"]
[White "Laco, Giuseppe"]
[Black "Mulas, Gianmarco"]
[Result "1/2-1/2"]
[WhiteElo "2149"]
[BlackElo "1732"]
[PlyCount "88"]
[EventDate "2002.06.22"]

1. c4 e5 2. Nc3 d6 3. e4 f5 4. d3 Nf6 5. Be2 Nc6 6. Nf3 Be7 7. a3 a5 8. h3 O-O
9. Be3 Qe8 10. Qc2 f4 11. Bd2 Bd7 12. Nd5 Bd8 13. O-O-O Nxd5 14. cxd5 Nd4 15.
Nxd4 exd4 16. Bg4 Kh8 17. Kb1 c5 18. Qc1 Ba4 19. Bxf4 Bxd1 20. Rxd1 Be7 21. Bg3
Ra6 22. Qc2 Bg5 23. f3 Qe7 24. Be1 g6 25. Qa4 b5 26. Qxb5 Ra7 27. Qc4 Rb8 28.
Ka2 Rab7 29. Rb1 Ra7 30. b3 Be3 31. Be6 Qf6 32. Rb2 g5 33. Re2 Qf4 34. Qc2 h6
35. g3 Qxf3 36. Bg4 Qf8 37. Bf5 Qe7 38. Rxe3 dxe3 39. Bc3+ Kg8 40. Qe2 Qb7 41.
Be6+ Kh7 42. Bf5+ Kg8 43. Be6+ Kh7 44. Bf5+ Kg8 1/2-1/2

[Event "C.to Italiano Semifinale"]
[Site "Arvier ITA"]
[Date "2002.06.26"]
[Round "5"]
[White "Maccagno, Giancarlo"]
[Black "Valenti, Giuseppe"]
[Result "0-1"]
[WhiteElo "2152"]
[BlackElo "2268"]
[PlyCount "62"]
[EventDate "2002.06.22"]

1. e4 c5 2. c3 Nf6 3. e5 Nd5 4. d4 cxd4 5. Qxd4 e6 6. Nf3 Nc6 7. Qe4 b6 8. Bc4
Nde7 9. O-O Bb7 10. Na3 Ng6 11. b4 Qb8 12. Bf4 Nxb4 13. Qe3 Bc5 14. Qd2 Nd5 15.
Bxd5 Bxd5 16. Nb5 O-O 17. Bg3 Bxf3 18. gxf3 Nxe5 19. Qe2 d6 20. f4 Ng6 21. Rfd1
Ne7 22. Qd3 Nf5 23. Nd4 Bxd4 24. cxd4 d5 25. f3 Rc8 26. Rdc1 Qd6 27. Rc2 Rxc2
28. Qxc2 Nxd4 29. Qa4 Nf5 30. Rc1 h6 31. Be1 d4 0-1

[Event "C.to Italiano Semifinale"]
[Site "Arvier ITA"]
[Date "2002.06.26"]
[Round "5"]
[White "Martorelli, Antonio"]
[Black "Tonon, Alessandro"]
[Result "0-1"]
[WhiteElo "2257"]
[BlackElo "2184"]
[PlyCount "48"]
[EventDate "2002.06.22"]

1. e4 e5 2. Nc3 Nc6 3. f4 d6 4. Nf3 exf4 5. Bc4 g5 6. O-O Bg7 7. d3 h6 8. g3 g4
9. Nh4 f3 10. Nd5 Nge7 11. h3 Ne5 12. Bb3 Nxd5 13. Bxd5 c6 14. Bb3 Bf6 15. Nf5
Bxf5 16. exf5 h5 17. d4 h4 18. dxe5 Qb6+ 19. Kh2 Bxe5 20. Bf4 hxg3+ 21. Kxg3
Qe3 22. Bxe5 f2+ 23. Kxg4 Rg8+ 24. Kh4 Qg5# 0-1

[Event "C.to Italiano Semifinale"]
[Site "Arvier ITA"]
[Date "2002.06.26"]
[Round "5"]
[White "Mola, Pietro"]
[Black "Iotti, Pierluigi"]
[Result "1/2-1/2"]
[WhiteElo "2277"]
[BlackElo "2291"]
[PlyCount "89"]
[EventDate "2002.06.22"]

1. e4 e6 2. d4 d5 3. Nc3 Bb4 4. e5 c5 5. a3 Bxc3+ 6. bxc3 Ne7 7. Nf3 b6 8. a4
Ba6 9. Bxa6 Nxa6 10. O-O O-O 11. Qe2 Nb8 12. dxc5 bxc5 13. c4 Qc7 14. cxd5 Nxd5
15. c4 Nb4 16. Qe4 Qc6 17. Qg4 Kh8 18. Bg5 f6 19. exf6 gxf6 20. Bh4 Nd7 21.
Rad1 Rf7 22. Qf4 e5 23. Qf5 Kg8 24. Nd2 Re8 25. Ne4 Qe6 26. Qh5 Ref8 27. Nd6
Rg7 28. Nf5 Rg6 29. Rd6 Qe8 30. Qe2 Nb6 31. a5 Nc8 32. Rd2 Qe6 33. Qe4 Nc6 34.
Bg3 Re8 35. Rd5 Nxa5 36. Rxc5 Nb3 37. Rc6 Qd7 38. Qd5+ Qxd5 39. cxd5 Ne7 40.
Nxe7+ Rxe7 41. Rb1 Nd4 42. Ra6 Ne2+ 43. Kf1 Nxg3+ 44. hxg3 f5 45. d6 1/2-1/2

[Event "C.to Italiano Semifinale"]
[Site "Arvier ITA"]
[Date "2002.06.26"]
[Round "5"]
[White "Mussoni, Marcello"]
[Black "Cocchi, Andrea"]
[Result "0-1"]
[WhiteElo "2250"]
[BlackElo "2281"]
[PlyCount "52"]
[EventDate "2002.06.22"]

1. d4 g6 2. g3 Bg7 3. Bg2 d6 4. c4 c5 5. Nf3 Nc6 6. d5 Na5 7. Nbd2 a6 8. O-O b5
9. Re1 Nf6 10. e4 Ng4 11. Rb1 bxc4 12. Nxc4 Nxc4 13. Qa4+ Bd7 14. Qxc4 O-O 15.
Qc2 f5 16. Ng5 fxe4 17. Be3 Nxe3 18. fxe3 Bh6 19. Nxe4 Bf5 20. Qe2 Qa5 21. g4
Bxe4 22. Bxe4 Qxa2 23. h4 Rab8 24. h5 Rb4 25. g5 Rxe4 26. gxh6 Qxd5 0-1

[Event "C.to Italiano Semifinale"]
[Site "Arvier ITA"]
[Date "2002.06.26"]
[Round "5"]
[White "Nelli, Luca"]
[Black "Buchicchio, Giampaolo"]
[Result "0-1"]
[WhiteElo "2173"]
[BlackElo "2188"]
[PlyCount "118"]
[EventDate "2002.06.22"]

1. c4 c6 2. Nf3 Nf6 3. b3 d5 4. Bb2 h6 5. g3 Bf5 6. Bg2 e6 7. d3 Be7 8. Nbd2
Nbd7 9. Qc2 Bh7 10. cxd5 cxd5 11. Rc1 O-O 12. O-O Rc8 13. Qb1 Qa5 14. Rxc8 Rxc8
15. Rc1 Rxc1+ 16. Bxc1 Bc5 17. Qb2 Qb6 18. d4 Bf8 19. h3 Qc6 20. Ne5 Nxe5 21.
dxe5 Nd7 22. f4 Qb6+ 23. Kh2 Qf2 24. Nf3 Nc5 25. Qd2 Ne4 26. Qe1 Qxe1 27. Nxe1
Nc3 28. a3 Nxe2 29. Bb2 Bc5 30. Bf1 Bd4 31. Bxe2 Bxb2 32. a4 Bb1 33. Bd3 Bxd3
34. Nxd3 Bd4 35. g4 g5 36. f5 f6 37. exf6 exf5 38. gxf5 Kf7 39. Nb4 Kxf6 40.
Nxd5+ Kxf5 41. Kg3 Ke5 42. Nb4 h5 43. Kf3 Bc5 44. Nc2 a6 45. b4 Be7 46. b5 a5
47. Ne3 Bd8 48. b6 Kd4 49. Nf5+ Kc5 50. Ng7 Kb4 51. Nf5 Kc5 52. Ng7 Bxb6 53.
Ne6+ Kb4 54. Nxg5 Kxa4 55. Ke2 Kb3 56. Ne4 a4 57. Nd2+ Kc3 58. Nb1+ Kb2 59. Nd2
a3 0-1

[Event "C.to Italiano Semifinale"]
[Site "Arvier ITA"]
[Date "2002.06.26"]
[Round "5"]
[White "Ricci, Marco"]
[Black "Carcangiu, Vittorio"]
[Result "1-0"]
[WhiteElo "2162"]
[BlackElo "1753"]
[PlyCount "83"]
[EventDate "2002.06.22"]

1. e4 c5 2. Nf3 d6 3. d4 cxd4 4. Qxd4 Nc6 5. Bb5 Bd7 6. Bxc6 Bxc6 7. Nc3 Nf6 8.
Bg5 e6 9. O-O-O Be7 10. Rhe1 O-O 11. e5 dxe5 12. Qxe5 Qb8 13. Qe2 h6 14. Bd2
Qc7 15. Ne5 Rac8 16. Bf4 Qa5 17. Rd3 Bd5 18. Bd2 Bb4 19. a3 Bxa3 20. Nxd5 Bxb2+
21. Kxb2 Qb5+ 22. Nb4 a5 23. Rb3 Qc5 24. Bc3 Rfd8 25. Nbd3 Qd5 26. Qf3 a4 27.
Qxd5 Nxd5 28. Ra3 b5 29. Ba5 Rd6 30. Re2 Ra6 31. Bb4 f6 32. Nd7 Rc4 33. N7c5
Rc6 34. c3 e5 35. Nb7 Rc7 36. Nd6 Rg4 37. g3 Rd7 38. Re4 Rg6 39. Nxb5 Rb7 40.
Nd6 Rb6 41. Nc4 Nxb4 42. Nxb4 1-0

[Event "C.to Italiano Semifinale"]
[Site "Arvier ITA"]
[Date "2002.06.26"]
[Round "5"]
[White "Rossato, Armando"]
[Black "Forno, Roberto"]
[Result "1-0"]
[WhiteElo "2169"]
[BlackElo "2079"]
[PlyCount "61"]
[EventDate "2002.06.22"]

1. d4 Nf6 2. Nf3 g6 3. Nc3 Bg7 4. e4 d6 5. Be3 O-O 6. Qd2 c6 7. Be2 b5 8. a3 a6
9. O-O Nbd7 10. Bh6 Qb6 11. Bxg7 Kxg7 12. e5 Nd5 13. Nxd5 cxd5 14. b4 dxe5 15.
dxe5 Bb7 16. c3 Rac8 17. Rac1 Rc7 18. Rfe1 Rfc8 19. h4 Qe6 20. h5 Nxe5 21. h6+
Kg8 22. Nxe5 Qxe5 23. Bg4 Qf6 24. Bxc8 Rxc8 25. Qd4 Qxd4 26. cxd4 Rc4 27. Rxc4
dxc4 28. Rxe7 Bc6 29. Rc7 Be8 30. d5 Kf8 31. d6 1-0

[Event "C.to Italiano Semifinale"]
[Site "Arvier ITA"]
[Date "2002.06.26"]
[Round "5"]
[White "Sartori, Spartaco"]
[Black "Bruno, Fabio"]
[Result "0-1"]
[WhiteElo "2262"]
[BlackElo "2268"]
[PlyCount "130"]
[EventDate "2002.06.22"]

1. c4 c6 2. Nc3 d5 3. d4 Nf6 4. e3 e6 5. Nf3 Nbd7 6. Bd3 dxc4 7. Bxc4 b5 8. Bd3
a6 9. e4 c5 10. d5 e5 11. b3 Bd6 12. O-O Qc7 13. Nd2 O-O 14. Qe2 Re8 15. a4 c4
16. bxc4 b4 17. Nd1 a5 18. Nb3 Nc5 19. Nxc5 Bxc5 20. Be3 Nd7 21. Nb2 Bxe3 22.
Qxe3 Nc5 23. Bc2 Ba6 24. Bb3 Rac8 25. Rfc1 Qd6 26. Rab1 Rc7 27. Bd1 Qg6 28. f3
Rec8 29. Be2 h6 30. Bd1 Qd6 31. Bb3 Nxb3 32. Qxb3 Qb6+ 33. Kh1 Qd4 34. Qd3 Rxc4
35. Qxd4 Rxc1+ 36. Rxc1 Rxc1+ 37. Qg1 Rxg1+ 38. Kxg1 Kf8 39. Kf2 Ke7 40. Ke3
Kd6 41. Nd3 f6 42. h4 Bc8 43. g4 Bd7 44. Nb2 Kc5 45. Kd3 Bc8 46. Ke3 Ba6 47.
Nd3+ Kc4 48. Kd2 Kd4 49. d6 Bc8 50. Kc2 Bd7 51. Nb2 Kc5 52. Kd3 Be6 53. d7 Bxd7
54. Nc4 Bxa4 55. Nxa5 Kb6 56. Nc4+ Kc5 57. Ne3 Bd7 58. h5 Be6 59. Kd2 Kd4 60.
Nc2+ Kc4 61. Ne3+ Kb3 62. Nd1 Ka2 63. Kc1 b3 64. Nb2 Ka1 65. Na4 Bc4 0-1

[Event "C.to Italiano Semifinale"]
[Site "Arvier ITA"]
[Date "2002.06.26"]
[Round "5"]
[White "Vezzosi, Paolo"]
[Black "De Santis, Alessio"]
[Result "1-0"]
[WhiteElo "2398"]
[BlackElo "2274"]
[PlyCount "101"]
[EventDate "2002.06.22"]

1. e4 d6 2. d4 Nf6 3. Nc3 c6 4. h3 e5 5. Be3 Nbd7 6. g4 h6 7. Bg2 Be7 8. Nge2
b5 9. a3 Nb6 10. b3 Qc7 11. f4 Nfd7 12. O-O a6 13. Qe1 f6 14. Qh4 Nf8 15. f5
Nh7 16. Qh5+ Kf8 17. Rfd1 Ng5 18. Qh4 Nf7 19. Qf2 Nd7 20. a4 b4 21. Na2 Rb8 22.
Rac1 h5 23. Qg3 hxg4 24. hxg4 c5 25. dxe5 dxe5 26. c3 bxc3 27. Rxc3 Qa5 28. Qe1
Ng5 29. Ng3 Rh4 30. Qe2 Rb7 31. Nh5 Nh3+ 32. Bxh3 Rxh3 33. Kg2 Rxe3 34. Rxe3
Rc7 35. Nc3 Bb7 36. Nd5 Bxd5 37. exd5 Bd6 38. Ng3 Nb6 39. Ne4 Rd7 40. g5 Ke7
41. gxf6+ gxf6 42. Qg4 Kd8 43. Nxf6 Kc7 44. Nxd7 Nxd7 45. Rh3 e4 46. Qxe4 Nf6
47. Qh4 Qb4 48. Qxb4 cxb4 49. Kf3 Be5 50. Rh6 Kd6 51. Rxf6+ 1-0

[Event "C.to Italiano Semifinale"]
[Site "Arvier ITA"]
[Date "2002.06.27"]
[Round "6"]
[White "Bruno, Fabio"]
[Black "Mola, Pietro"]
[Result "1/2-1/2"]
[WhiteElo "2268"]
[BlackElo "2277"]
[PlyCount "34"]
[EventDate "2002.06.22"]

1. d4 Nf6 2. Nf3 g6 3. g3 Bg7 4. Bg2 O-O 5. O-O d6 6. a4 Nc6 7. Nc3 a6 8. h3 e5
9. e4 Bd7 10. Be3 exd4 11. Nxd4 Nxd4 12. Bxd4 c5 13. Be3 Bc6 14. e5 dxe5 15.
Bxc6 bxc6 16. Bxc5 Re8 17. Qe2 Qd7 1/2-1/2

[Event "C.to Italiano Semifinale"]
[Site "Arvier ITA"]
[Date "2002.06.27"]
[Round "6"]
[White "Buchicchio, Giampaolo"]
[Black "Ricci, Marco"]
[Result "1-0"]
[WhiteElo "2188"]
[BlackElo "2162"]
[PlyCount "125"]
[EventDate "2002.06.22"]

1. e4 c6 2. Nc3 d5 3. Qf3 dxe4 4. Nxe4 Nd7 5. d4 Ndf6 6. c3 Bg4 7. Qf4 e6 8.
Nf3 Bf5 9. Ng3 Nd5 10. Qd2 Bg6 11. Ne5 Ngf6 12. Qe2 Bd6 13. h4 O-O 14. h5 Bf5
15. f4 h6 16. Qf3 Bh7 17. Bd3 Bxd3 18. Nxd3 Qc7 19. O-O Nb6 20. Qf2 Nbd7 21.
Nc5 Ng4 22. Qf3 Nxc5 23. Qxg4 Nd3 24. f5 Bxg3 25. f6 Bh2+ 26. Kh1 Qg3 27. Qxg7+
Qxg7 28. fxg7 Kxg7 29. Kxh2 Nxc1 30. Raxc1 Rad8 31. Rf3 Rd5 32. Rg3+ Kh7 33.
Rh3 Rg5 34. Rf1 Kg7 35. Rg3 f5 36. Rxg5+ hxg5 37. g4 Kf6 38. Kg3 Rd8 39. Rh1
Rd7 40. Rh2 e5 41. dxe5+ Kxe5 42. gxf5 Kf6 43. Kg4 Re7 44. h6 Rh7 45. Kh5 Re7
46. Kg4 Rh7 47. c4 c5 48. b3 b6 49. a3 a6 50. a4 a5 51. Rh3 Rd7 52. h7 Rd4+ 53.
Kg3 Rd3+ 54. Kg2 Rxh3 55. Kxh3 Kg7 56. Kg4 Kxh7 57. Kxg5 Kg7 58. f6+ Kf8 59.
Kg6 Kg8 60. f7+ Kf8 61. Kf6 b5 62. axb5 a4 63. b6 1-0

[Event "C.to Italiano Semifinale"]
[Site "Arvier ITA"]
[Date "2002.06.27"]
[Round "6"]
[White "Capece, Adolivio"]
[Black "Parrella, Alfredo"]
[Result "1/2-1/2"]
[WhiteElo "2067"]
[BlackElo "2233"]
[PlyCount "77"]
[EventDate "2002.06.22"]

1. c4 c6 2. g3 d5 3. cxd5 cxd5 4. Nf3 Nf6 5. Bg2 e6 6. O-O Be7 7. d4 O-O 8. Nc3
Nc6 9. Bf4 Nh5 10. Bd2 Bd7 11. e3 Nf6 12. Ne5 Rc8 13. Qe2 a6 14. Rfc1 Bd6 15.
Nd3 Nb8 16. a3 Bc6 17. b4 b5 18. Nc5 Be7 19. Rd1 Qb6 20. Bc1 Rfd8 21. Bb2 Nbd7
22. Rdc1 Qa7 23. Nxd7 Qxd7 24. f3 Qa7 25. Qd3 Rc7 26. Kf1 Rcd7 27. Na4 Ba8 28.
Nc5 Rc7 29. Qe2 Nd7 30. Nxd7 Rdxd7 31. Qd2 Qb8 32. Kf2 Qc8 33. Bf1 Rxc1 34.
Rxc1 Rc7 35. Rxc7 Qxc7 36. Qc3 Qxc3 37. Bxc3 Bc6 38. Bd3 g6 39. Ke2 1/2-1/2

[Event "C.to Italiano Semifinale"]
[Site "Arvier ITA"]
[Date "2002.06.27"]
[Round "6"]
[White "Cocchi, Andrea"]
[Black "Vezzosi, Paolo"]
[Result "1/2-1/2"]
[WhiteElo "2281"]
[BlackElo "2398"]
[PlyCount "74"]
[EventDate "2002.06.22"]

1. c4 Nf6 2. b3 c6 3. Nf3 d5 4. g3 Bf5 5. Bg2 e6 6. O-O Nbd7 7. d3 Bc5 8. Bb2
h6 9. Nbd2 O-O 10. Qe1 a5 11. e4 Bh7 12. a3 b5 13. cxb5 cxb5 14. Qe2 Qb6 15. e5
Ne8 16. h4 Bf5 17. d4 Be7 18. Ne1 f6 19. Nd3 Rc8 20. Nf3 Be4 21. Nfe1 Bf5 22.
Kh2 fxe5 23. dxe5 g5 24. f4 gxf4 25. Nxf4 Ng7 26. Rc1 Bc5 27. Nh5 Nxh5 28. Qxh5
Kg7 29. b4 axb4 30. axb4 Bd4 31. Rxc8 Rxc8 32. Rxf5 exf5 33. Qxf5 Nxe5 34. Bxd4
Qxd4 35. Qxc8 Ng4+ 36. Kh3 Nf2+ 37. Kh2 Ng4+ 1/2-1/2

[Event "C.to Italiano Semifinale"]
[Site "Arvier ITA"]
[Date "2002.06.27"]
[Round "6"]
[White "Contin, Daniel"]
[Black "Forno, Roberto"]
[Result "1-0"]
[WhiteElo "2338"]
[BlackElo "2079"]
[PlyCount "55"]
[EventDate "2002.06.22"]

1. c4 c5 2. Nc3 g6 3. g3 Bg7 4. Bg2 Nc6 5. e3 Nf6 6. Nge2 O-O 7. d4 d6 8. h3
cxd4 9. exd4 e5 10. O-O Qc7 11. Bg5 Ne7 12. Nb5 Qb8 13. c5 d5 14. Qd2 Be6 15.
dxe5 Qxe5 16. Nd6 b6 17. f4 Ne4 18. Nxe4 Qc7 19. Nf6+ Kh8 20. cxb6 Qxb6+ 21.
Kh2 Rab8 22. Nd7 Qxb2 23. Qxb2 Rxb2 24. Nxf8 Bxf8 25. Bf6+ Bg7 26. Bxb2 Bxb2
27. Rab1 Ba3 28. Nd4 1-0

[Event "C.to Italiano Semifinale"]
[Site "Arvier ITA"]
[Date "2002.06.27"]
[Round "6"]
[White "De Santis, Alessio"]
[Black "Iotti, Pierluigi"]
[Result "1-0"]
[WhiteElo "2274"]
[BlackElo "2291"]
[PlyCount "85"]
[EventDate "2002.06.22"]

1. d4 Nf6 2. c4 e6 3. Nc3 Bb4 4. f3 d5 5. a3 Bxc3+ 6. bxc3 O-O 7. cxd5 exd5 8.
e3 b6 9. Bd3 Ba6 10. Ne2 Bxd3 11. Qxd3 Nc6 12. O-O Na5 13. Ra2 Re8 14. Ng3 c5
15. e4 cxd4 16. cxd4 Rc8 17. e5 Nd7 18. f4 Qc7 19. Nf5 Qc3 20. Qe2 Rc6 21. Bd2
Qc4 22. Bb4 Qxe2 23. Rxe2 Kh8 24. Nd6 Rxd6 25. Bxd6 Nc4 26. Bb4 a5 27. Bc3 Nxa3
28. f5 Kg8 29. Rb2 Nc4 30. Rb5 Nf8 31. Kf2 Rd8 32. Ke2 g6 33. g4 Rd7 34. Kd3
Rd8 35. Bd2 Rd7 36. Bh6 Rd8 37. Re1 a4 38. e6 fxe6 39. fxe6 Re8 40. e7 Nd7 41.
Rxd5 Nb2+ 42. Kc2 Nf6 43. Rf1 1-0

[Event "C.to Italiano Semifinale"]
[Site "Arvier ITA"]
[Date "2002.06.27"]
[Round "6"]
[White "Laco, Giuseppe"]
[Black "Agomeri, Gianluca"]
[Result "1-0"]
[WhiteElo "2149"]
[BlackElo "2134"]
[PlyCount "123"]
[EventDate "2002.06.22"]

1. c4 c5 2. Nc3 Nf6 3. e4 Nc6 4. f4 d6 5. h3 e5 6. d3 g6 7. g4 exf4 8. Bxf4 Nh5
9. Be3 Ng3 10. Rh2 Nxf1 11. Kxf1 Bg7 12. Nf3 Be6 13. Qd2 Qd7 14. Kg2 O-O-O 15.
Bf4 f5 16. exf5 gxf5 17. g5 Ne5 18. Nh4 Qc6+ 19. Kg3 Ng6 20. Nxg6 hxg6 21. Nb5
Kb8 22. Re1 Bc8 23. Re7 Rd7 24. Rxd7 Bxd7 25. Qa5 a6 26. Bxd6+ Ka8 27. Bf4 Bxb2
28. h4 Bd4 29. Nxd4 cxd4 30. Qc7 Qxc7 31. Bxc7 Bc6 32. Kf4 Re8 33. Be5 b5 34.
cxb5 Bxb5 35. Rh3 Rd8 36. h5 gxh5 37. g6 Kb7 38. g7 Bd7 39. Rxh5 Be6 40. Rh8
Kc8 41. a3 Kd7 42. Bd6 Rc8 43. Bb4 Bb3 44. Ke5 Re8+ 45. Kxd4 f4 46. Rf8 f3 47.
Rxf3 Re2 48. Kc3 Bd5 49. Rf5 Be6 50. Ra5 Rg2 51. Rxa6 Bf7 52. Ra7+ Ke6 53. Bf8
Bg8 54. a4 Kd5 55. Ra5+ Kc6 56. Rc5+ Kb6 57. Rh5 Kc6 58. Rc5+ Kb7 59. d4 Rg3+
60. Kd2 Ka6 61. Re5 Ra3 62. Bxa3 1-0

[Event "C.to Italiano Semifinale"]
[Site "Arvier ITA"]
[Date "2002.06.27"]
[Round "6"]
[White "Maccagno, Giancarlo"]
[Black "Barlocco, Carlo"]
[Result "0-1"]
[WhiteElo "2152"]
[BlackElo "2129"]
[PlyCount "70"]
[EventDate "2002.06.22"]

1. e4 c5 2. c3 d6 3. d4 Nc6 4. Be3 Nf6 5. f3 e6 6. Ne2 Be7 7. g4 O-O 8. Ng3 Qb6
9. Qd2 Bd7 10. h4 Rac8 11. g5 Ne8 12. Bh3 Na5 13. b3 cxd4 14. Bxd4 Qc7 15. Qf2
Nc6 16. Be3 Ne5 17. O-O d5 18. Rd1 dxe4 19. Nxe4 Bc6 20. Nbd2 b6 21. Qg3 Ng6
22. Qxc7 Nxc7 23. h5 Ne5 24. Kf2 Nd5 25. Bd4 Nd3+ 26. Kg3 N3f4 27. Bf1 Nxh5+
28. Kg4 g6 29. Nc4 f5+ 30. gxf6 Ndxf6+ 31. Nxf6+ Nxf6+ 32. Kf4 Nh5+ 33. Ke5
Bxf3 34. Rd3 Bd5 35. Bh3 Nf4 0-1

[Event "C.to Italiano Semifinale"]
[Site "Arvier ITA"]
[Date "2002.06.27"]
[Round "6"]
[White "Mulas, Gianmarco"]
[Black "Nelli, Luca"]
[Result "0-1"]
[WhiteElo "1732"]
[BlackElo "2173"]
[PlyCount "64"]
[EventDate "2002.06.22"]

1. c4 e6 2. Nc3 d5 3. e3 c6 4. Nf3 f5 5. d4 Nf6 6. Bd3 Bd6 7. b3 O-O 8. Qc2 Ne4
9. Ne2 Nd7 10. O-O Qf6 11. a4 Re8 12. Ba3 Bb8 13. b4 Qh6 14. Rfc1 Ndf6 15. h3
g5 16. Ne5 g4 17. Nf4 gxh3 18. Nxh3 Bxe5 19. dxe5 Ng4 20. Bxe4 fxe4 21. Bb2 Rf8
22. Qe2 Qh4 23. Rc2 Rf5 24. Qe1 Bd7 25. Qc3 Raf8 26. Nf4 Rxf4 27. exf4 Qh2+ 28.
Kf1 Rxf4 29. Qe1 e3 30. Ke2 Rxf2+ 31. Kd3 Qxg2 32. Rxf2 Qe4+ 0-1

[Event "C.to Italiano Semifinale"]
[Site "Arvier ITA"]
[Date "2002.06.27"]
[Round "6"]
[White "Mussoni, Marcello"]
[Black "Rossato, Armando"]
[Result "0-1"]
[WhiteElo "2250"]
[BlackElo "2169"]
[PlyCount "116"]
[EventDate "2002.06.22"]

1. d4 c5 2. d5 e5 3. e4 d6 4. Nc3 Be7 5. Nf3 Nf6 6. a4 O-O 7. h3 Na6 8. Bc4 Nb4
9. O-O Ne8 10. Ne2 g6 11. Bh6 Ng7 12. c3 Na6 13. Qd2 Nb8 14. g4 Kh8 15. Kh2 Nd7
16. Rg1 Nf6 17. Ng3 Ng8 18. Rg2 Nxh6 19. Qxh6 Rg8 20. Rag1 Ne8 21. Nf5 g5 22.
h4 Rg6 23. Qh5 Nf6 24. Nxg5 Qf8 25. Nxh7 Nxh7 26. g5 a6 27. Rf1 Qe8 28. f4 Bf8
29. Ng3 exf4 30. Rxf4 Qd7 31. Kg1 Kg8 32. Bf1 Bg7 33. Rgf2 Nf6 34. Qf3 Ng4 35.
Bh3 Ne5 36. Bxd7 Nxf3+ 37. R4xf3 Bxd7 38. Rxf7 Re8 39. Nh5 Bg4 40. Nxg7 Rxg7
41. R7f6 b5 42. Rg2 Bh5 43. axb5 axb5 44. g6 Rge7 45. Rf5 Bd1 46. Rf1 Bb3 47.
h5 Rxe4 48. Rf5 R4e5 49. Rgg5 Rxf5 50. Rxf5 Rf8 51. Rxf8+ Kxf8 52. h6 Bxd5 53.
Kf2 Be4 54. g7+ Kf7 55. b4 Bh7 56. Ke3 Ke6 57. Kd2 cxb4 58. cxb4 d5 0-1